zpět

Detail výsledku týmu

BB69, Hradec Králové

Datum a čas kvízu

34.5 Celkem bodů Celkový počet nahraných bodů na tomto kvízu bez doplňovacích otázek.
1. Pořadí na kvízu Konečné umístění týmu na tomto kvízu.

Zaznamenané odpovědi

# Otázka Odpověď Body Výsledky
1. Pražský městský soud pravomocn... Modlitba pro Martu 1
2. Minulý týden se ve Spojených s... Joe Biden 1
3. Na letošní festival Febiofest... Woody Harrelson 1
4. V úterý byl vyhlášen Podnikate... Oliver Dlouhý 0
5. O víkendu bojoval český davisc... s týmem Slovenska 1
6. V následujících pěti otázkách... gaviál (indický) 1
7. Desomorfin je syntetický opioi... v Rusku 0
8. Značka Crocs je známá předevší... v USA 0
9. Česká rodinná komedie Jak se k... Marie Poledňáková 1
10. Jak se jmenoval tento muž, zva... Bill Haley 0